000 00707nam a2200217Ia 4500
001 15199
003 GE_BSU
008 181216s||||||||xx |||||||||||||| ||und||
040 _cGE_BSU
080 _a821.353.1-1
100 _aშერაზადაშვილი,ზაქარია
245 _aმთაწმინდის იალქნები
245 _bლექსები
245 _cრედ:ირ.არაბული;მხატვ:ნ.ლაფაჩი
260 _aთბილისი.
260 _bსაბჭოთა საქართველო
260 _c1974
300 _a122გვ;ილ;16სმ.
653 _aლექსები
942 _cBK
999 _c48311
_d48311